000 00875nam a2200253Ia 4500
003 IN-BaIIA
008 211028s9999 xx s 000 0 eng d
020 _a978-3-642-36665-9 (Print)
020 _a978-3-642-36666-6 (Online)
022 _a0081-3869 (Print)
022 _a1615-0430 (Online)
040 _cIIA Library
100 _aTakahashi, Yoshinori
_939506
245 0 _aSpin Fluctuation Theory of Itinerant Electron Magnetism
_h[eBook]
260 _aHeidelberg, Berlin
_bSpringer Berlin Heidelberg
_c2013
300 _aOnline resource
490 _aSpringer Tracts in Modern Physics
650 _a Astronomy, Observations and Techniques
_932107
650 _a Classical Mechanics
_91541
650 _a Quality of Life Research
_939507
650 _aPhysics
_973
856 _uhttp://doi.org/10.1007/978-3-642-36666-6
_yClick Here to Access eBook
942 _cEB
999 _c21344
_d21344